000 00714nam a2200217 a 4500
001 13670
003 BD-JhCC
005 20240313195454.0
008 240313b2021 nyu |||| ||a| 001 0 eng d
020 _a 9781783605279
035 _a(BD-JhCC)13670
040 _aBD-JhCC
_dBD-JhCC
041 _aenglish
082 _a306.09593
_bWAD 2021
100 _a Wade ,Francis
245 _a Myanmar's enemy within :
_b Buddhist violence and the making of a Muslim 'other' /
_cFrancis Wade
260 _a London:
_b Bloomsbury Publishing,
_c2021.
300 _a419 p, :
_bill;
_c22 cm
650 _aBirmanie Conditions sociales 1988-
_xBouddhisme Relations Islam
_zBouddhisme et État Birmanie
_yBuddhism
942 _2ddc
_cBK
999 _c13670
_d13670